00964nam a2200241Ia 4500001000600000003000900006008004100015040001300056040001300069041001300082100002300095100002900118245003700147245003700184250001100221260001400232260002100246260004900267300005700316500029000373650002800663650003100691K0027IT-RoPAU130308s9999 xx 000 0 und d aIT-RoPAU cIT-RoPAU aITALIANO aDi Provvido Sandra gCodice Aut. SPICS: 60037 aPittura di Vittore Crivelli (La) bPittura di Vittore Crivelli (La) a1a ed. a L'AQUILA bJapadre Editore  c1972 [1° Ed.:1972 - Ed.Ling.Originale:1972] a"372 p. (prefazione: no ; testo: 372 [pagine: 0-0])" aAmbiente Storico, Culturale ed Artistico Marchigiano nel Xv Secolo. Vita Eopera di Vittore Crivelli. Bibliografia Ragionata. Opere. Opere di Incertaattribuzione. Opere Perdute. Rettificazioni Piu' recenti Apportate al Catalogo. Florileio Critico. Documenti. 88 tavole in bianco e Nero. aAUTORI/OPERE DI PITTURA eCodice materia Spics: 5207